| 000 | 00544nam a2200181 i 4500 | ||
|---|---|---|---|
| 001 | 78596 | ||
| 003 | ES-MaACL | ||
| 005 | 20230906173746.0 | ||
| 007 | t| | ||
| 008 | 041015q1914 xxk ||||1| eng d | ||
| 080 | _a821.112.2-2"18" | ||
| 100 | 1 |
_aHebbel, Friedrich ( _d1813-1863) _9157462 |
|
| 245 | 1 | 0 |
_aThree plays _b: (poetry and the drama) / _cby Frederic Hebbel ; introduction by L.H. Allen. |
| 260 |
_aLondon : _bJ. M. Dent, _c[1914?] |
||
| 300 |
_aXXI, 237 p. ; _c17 cm. |
||
| 700 | 1 |
_aAllen, L. H. _919994 |
|
| 852 |
_aES-MaACL _jC-3128 |
||
| 999 |
_c78596 _d78596 |
||